Effectiveness of Counselling on Rehabilitation of Non-Custodial Offenders in Selected Probation Stations in Nairobi County, Kenya (Record no. 216383)
[ view plain ]
| 000 -LEADER | |
|---|---|
| fixed length control field | 00750nam a22001577a 4500 |
| 008 - FIXED-LENGTH DATA ELEMENTS--GENERAL INFORMATION | |
| fixed length control field | 251223b |||||||| |||| 00| 0 eng d |
| 050 ## - LIBRARY OF CONGRESS CALL NUMBER | |
| Classification number | THE HV 9279 .I78 2025 |
| Item number | C.1 |
| 100 ## - MAIN ENTRY--PERSONAL NAME | |
| Personal name | Irungu, Veronica Njeri |
| 245 ## - TITLE STATEMENT | |
| Title | Effectiveness of Counselling on Rehabilitation of Non-Custodial Offenders in Selected Probation Stations in Nairobi County, Kenya |
| 260 ## - PUBLICATION, DISTRIBUTION, ETC. | |
| Place of publication, distribution, etc. | Kisii |
| Name of publisher, distributor, etc. | Kisii University |
| Date of publication, distribution, etc. | 2025 |
| 300 ## - PHYSICAL DESCRIPTION | |
| Extent | xix, 199p.:ill. |
| 500 ## - GENERAL NOTE | |
| General note | Includes bibliographical references |
| 650 ## - SUBJECT ADDED ENTRY | |
| Topical term or geographic name entry element | 1. Probation—Kenya—Nairobi. 2. Counseling in correctional institutions—Kenya. 3. Rehabilitation of offenders—Kenya. 4. Community-based corrections—Kenya. 5. Criminal justice, Administration of—Kenya. |
| 942 ## - ADDED ENTRY ELEMENTS (KOHA) | |
| Source of classification or shelving scheme | Library of Congress Classification |
| Koha item type | Reference |
| Withdrawn status | Lost status | Source of classification or shelving scheme | Damaged status | Not for loan | Collection | Home library | Current library | Date acquired | Inventory number | Total checkouts | Full call number | Barcode | Date last seen | Copy number | Price effective from | Koha item type |
|---|---|---|---|---|---|---|---|---|---|---|---|---|---|---|---|---|
| Library of Congress Classification | Special Research | Kisii University Library | Kisii University Library | 12/23/2025 | 110785 | THE HV 9279 .I78 2025 | 000000024816 | 12/23/2025 | C.1 | 12/23/2025 | Reference |